[Event "Nordic School-chT"]
[Site "Jetsmark"]
[Date "2006.09.10"]
[Round "5.2"]
[White "Christensen, Christoffer Ellegaa"]
[Black "Echardt, Pontus"]
[Result "1/2-1/2"]
[WhiteElo "1349"]
[BlackElo "1521"]
[PlyCount "90"]
[EventDate "2006.09.08"]
[EventType "team-tourn"]
[EventRounds "5"]
[EventCountry "DEN"]
[SourceTitle "EXT 2023"]
[Source "ChessBase"]
[SourceDate "2022.10.05"]
[SourceVersion "1"]
[SourceVersionDate "2022.10.05"]
[SourceQuality "1"]
[WhiteTeam "Denmark U13 II"]
[BlackTeam "Sweden U13"]
[WhiteTeamCountry "DEN"]
[BlackTeamCountry "SWE"]

1. d4 Nf6 2. Nf3 g6 3. Bf4 Bg7 4. e3 d6 5. h3 0-0 6. Be2 c5 7. c3 Nc6 8. Nbd2 cxd4 9. exd4 Re8 10. 0-0 e5 11. dxe5 dxe5 12. Be3 e4 13. Nd4 Nxd4 14. Bxd4 Nd5 15. Bxg7 Kxg7 16. Nxe4 Rxe4 17. Bf3 Re5 18. c4 Qg5 19. Bxd5 Re7 20. Qf3 Qf6 21. Qxf6+ Kxf6 22. Rfe1 Bf5 23. b3 Rae8 24. Rxe7 Rxe7 25. a3 b6 26. b4 Rc7 27. Rc1 Be6 28. Bxe6 Kxe6 29. Kf1 Ke5 30. Ke2 Kd4 31. c5 bxc5 32. bxc5 Kd5 33. c6 Rxc6 34. Rxc6 Kxc6 35. Kd3 Kb5 36. Kc3 Ka4 37. Kb2 h6 38. g3 f6 39. f3 g5 40. g4 a5 41. Ka2 Kb5 42. Kb3 a4+ 43. Kc3 Kc5 44. Kd3 Kd5 45. Kc3 Kc5 1/2-1/2

[Event "Nordic School-chT"]
[Site "Jetsmark"]
[Date "2006.09.10"]
[Round "4.2"]
[White "Echardt, Pontus"]
[Black "Guttulsrud, Odd Martin"]
[Result "0-1"]
[WhiteElo "1521"]
[BlackElo "1130"]
[PlyCount "100"]
[EventDate "2006.09.08"]
[EventType "team-tourn"]
[EventRounds "5"]
[EventCountry "DEN"]
[SourceTitle "EXT 2023"]
[Source "ChessBase"]
[SourceDate "2022.10.05"]
[SourceVersion "1"]
[SourceVersionDate "2022.10.05"]
[SourceQuality "1"]
[WhiteTeam "Sweden U13"]
[BlackTeam "Norway U13"]
[WhiteTeamCountry "SWE"]
[BlackTeamCountry "NOR"]

1. d4 d5 2. c4 e6 3. Nc3 Nf6 4. Bg5 Nbd7 5. Nf3 c6 6. e3 Qa5 7. Nd2 Bb4 8. Qc2 0-0 9. Be2 e5 10. 0-0 exd4 11. exd4 dxc4 12. Bxf6 Nxf6 13. Nxc4 Qg5 14. Bf3 Be6 15. Ne5 Rfd8 16. Rad1 Bd6 17. Ne4 Nxe4 18. Bxe4 Qh5 19. Bf3 Qh6 20. g3 Qf6 21. Qc3 Rab8 22. Bg2 c5 23. Nf3 cxd4 24. Qxd4 Qxd4 25. Nxd4 Bg4 26. f3 Bh5 27. a3 Bc5 28. Kh1 Bxd4 29. Rd2 Bf6 30. Rdd1 Rxd1 31. Rxd1 Rd8 32. Rxd8+ Bxd8 33. g4 Bg6 34. f4 Bc2 35. Bxb7 Bf6 36. b4 Bb2 37. b5 Bxa3 38. Kg2 g6 39. Kf3 Bd6 40. h4 Kg7 41. Bc6 Ba4 42. Ke4 a6 43. Kd5 Bxf4 44. bxa6 Bxc6+ 45. Kxc6 Be3 46. Kd6 h6 47. Ke7 g5 48. h5 Ba7 49. Kd6 f5 50. gxf5 Kf6 0-1

[Event "Nordic School-chT"]
[Site "Jetsmark"]
[Date "2006.09.09"]
[Round "3.2"]
[White "Hosia, Akseli"]
[Black "Echardt, Pontus"]
[Result "1-0"]
[WhiteElo "1331"]
[BlackElo "1521"]
[PlyCount "71"]
[EventDate "2006.09.08"]
[EventType "team-tourn"]
[EventRounds "5"]
[EventCountry "DEN"]
[SourceTitle "EXT 2023"]
[Source "ChessBase"]
[SourceDate "2022.10.05"]
[SourceVersion "1"]
[SourceVersionDate "2022.10.05"]
[SourceQuality "1"]
[WhiteTeam "Finland U13"]
[BlackTeam "Sweden U13"]
[WhiteTeamCountry "FIN"]
[BlackTeamCountry "SWE"]

1. e4 e6 2. d4 d5 3. exd5 exd5 4. Bd3 Bd6 5. Ne2 Nf6 6. 0-0 Bxh2+ 7. Kxh2 Ng4+ 8. Kg1 Qh4 9. Bf4 g5 10. Bg3 Qh6 11. Qd2 0-0 12. f3 Nf6 13. Kf2 Nc6 14. Nbc3 Re8 15. Rh1 Qg7 16. Nxd5 Nxd5 17. Rxh7 Qf6 18. Rah1 Rxe2+ 19. Qxe2 Qxd4+ 20. Kf1 Qe3 21. Rh8+ Kg7 22. Qxe3 Nxe3+ 23. Ke2 Nd5 24. R1h7+ Kf6 25. Bc4 Nce7 26. Bxd5 Nxd5 27. Rf8 Nf4+ 28. Bxf4 gxf4 29. Rh4 Ke6 30. Rxf4 b6 31. Ke3 a5 32. g4 Bb7 33. Rxa8 Bxa8 34. g5 Bd5 35. c4 Bc6 36. Rf6+ 1-0